Statistics for peace - Taylor Swift (All Lyrics)

Click here to take the quiz!

General Stats

  • This quiz has been taken 31 times
    (18 since last reset)
  • The average score is 256 of 289

Answer Stats

Lyrics% Correct
be
100%
could
100%
give
100%
Give
100%
I
100%
if
100%
If
100%
it
100%
never
100%
peace?
100%
peace
100%
Would
100%
would
100%
You
100%
you
100%
a
92%
always
92%
And
92%
and
92%
as
92%
As
92%
best
92%
But
92%
but
92%
enough
92%
enough?
92%
for
92%
gonna
92%
had
92%
has
92%
I'd
92%
in
92%
is
92%
Is
92%
it's
92%
me
92%
my
92%
No,
92%
of
92%
the
92%
The
92%
to
92%
with
92%
Your
92%
your
92%
you're
92%
All
85%
come
85%
convictions
85%
danger
85%
die
85%
east,
85%
friend
85%
friends,
85%
gone
85%
got
85%
I'll
85%
I'm
85%
just
85%
like
85%
long
85%
love's
85%
near
85%
on
85%
people
85%
rain
85%
robbers
85%
secret
85%
see
85%
shit
85%
standin'
85%
sunshine,
85%
talk
85%
there's
85%
these
85%
think
85%
west
85%
age
77%
around
77%
brittle
77%
'Cause
77%
child
77%
clowns
77%
coming
77%
corner,
77%
courage
77%
darlin'
77%
details,
77%
devil's
77%
each
77%
Family
77%
fences
77%
fire
77%
heart
77%
keep
77%
lives
77%
now
77%
only
77%
show
77%
Sit
77%
swing
77%
that
77%
trenches
77%
warm
77%
when
77%
wild,
77%
blues
69%
brother
69%
cascade,
69%
chose
69%
clear
69%
comes
69%
honor
69%
integrity
69%
know
69%
makes
69%
ocean
69%
other
69%
Our
69%
seem
69%
silence
69%
small
69%
summer,
69%
this
69%
two
69%
understand
69%
wall
69%
wasting
69%
wave
69%
dreamscapes
62%
paint
62%
Suddenly,
62%

Score Distribution

Percentile by Number Answered

Percent of People with Each Score

Your Score History

You have not taken this quiz since the last reset